The noble scholar, jurist, historian


 His Excellency Dr. Abdul Wahhab bin Ibrahim Abu Sulaiman, may Allah have mercy on him.


 He was born in Umm Al-Qura in the year 1356 AH.

تسريح الغوامل في شرح العوامل على متن العوامل النحوية لفريد عصره الشيخ عبد القاهر الجرجاني / (Record no. 4691)

MARC details
000 -LEADER
fixed length control field 02680cam a2200337 i 4500
003 - CONTROL NUMBER IDENTIFIER
control field SA-RiAUC
005 - DATE AND TIME OF LATEST TRANSACTION
control field 20250113084959.0
008 - FIXED-LENGTH DATA ELEMENTS--GENERAL INFORMATION
fixed length control field 250112s2010 su g 00000 ara c
020 ## - INTERNATIONAL STANDARD BOOK NUMBER
International Standard Book Number 6281140001575
024 0# - OTHER STANDARD IDENTIFIER
Standard number or code 00000000300186
040 ## - CATALOGING SOURCE
Original cataloging agency KSU
Language of cataloging ara
Transcribing agency SA-RiAUC
Modifying agency KAC
Description conventions rda
082 04 - DEWEY DECIMAL CLASSIFICATION NUMBER
Classification number 415.1
Assigning agency SA-RiAUC
090 ## - LOCALLY ASSIGNED LC-TYPE CALL NUMBER (OCLC); LOCAL CALL NUMBER (RLIN)
Classification number (OCLC) (R) ; Classification number, CALL (RLIN) (NR) 415.1
Local cutter number (OCLC) ; Book number/undivided call number, CALL (RLIN) ف ط ا
100 1# - MAIN ENTRY--PERSONAL NAME
Personal name الفطاني، أحمد بن محمد زين بن مصطفى
Relator term مؤلف.
245 10 - TITLE STATEMENT
Title تسريح الغوامل في شرح العوامل على متن العوامل النحوية لفريد عصره الشيخ عبد القاهر الجرجاني /
Statement of responsibility, etc. شرح أحمد بن زين بن مصطفى الفطاني ؛ تحقيق وتعليق علي سلامة أبو شريف.
250 ## - EDITION STATEMENT
Edition statement الطبعة الأولى.
264 #1 - PRODUCTION, PUBLICATION, DISTRIBUTION, MANUFACTURE, AND COPYRIGHT NOTICE
Place of production, publication, distribution, manufacture الرياض :
Name of producer, publisher, distributor, manufacturer مكتبة الرشد ناشرون،
Date of production, publication, distribution, manufacture, or copyright notice 2010
300 ## - PHYSICAL DESCRIPTION
Extent 197 صفحة ؛
Dimensions 24 × 17 سم.
336 ## - CONTENT TYPE
Content type term نص
Content type code txt
Source rdacontent
Materials specified كتاب
337 ## - MEDIA TYPE
Media type term بدون وسيط
Media type code n
Source rdamedia
338 ## - CARRIER TYPE
Carrier type term مجلد
Carrier type code nc
Source rdacarrier
490 0# - SERIES STATEMENT
Series statement سلسلة شروح العوامل النحوية
504 ## - BIBLIOGRAPHY, ETC. NOTE
Bibliography, etc. note ببليوجرافية : صفحة 178-181.
505 0# - FORMATTED CONTENTS NOTE
Formatted contents note المحتويات : مقدمة الشارح-إعراب (البسملة)-تعريف العامل-تعريف علم النحو-العوامل اللفظية، والعوامل المعنوية-العوامل اللفظية السماعية-تقسيم الكلمة إلى اسم وفعل وحرف...-واو القسم-تنبيهات تتعلق بواو القسم-باء القسم-تاء القسم-اللام، وتأتي لمعان منها (الملك-شبه الملك-التمليك-شبه التمليك-التعليل)...-النكرة غير المقصودة-أحكام المنادى المضاف إلى ياء المتكلم-حكم المنادى المضاف إلى ياء المتكلم إذا كان لفظ أب أو أم...-التام والناقص من هذه الأفعال...-أنواع الخبر...-وموضوعات أخرى.
650 #7 - SUBJECT ADDED ENTRY--TOPICAL TERM
Topical term or geographic name entry element اللغة العربية
General subdivision نحو
Source of heading or term aucsh
700 1# - ADDED ENTRY--PERSONAL NAME
Personal name أبو شريف، علي سلامة
Relator term محقق.
700 12 - ADDED ENTRY--PERSONAL NAME
Relationship information شرح لـ (عمل) :
Personal name عبد القاهر الجرجاني، عبد القاهر بن عبد الرحمن بن محمد،
Dates associated with a name 400-471 هجري.
Title of a work العوامل المائة.
700 12 - ADDED ENTRY--PERSONAL NAME
Relationship information تحقيق لـ (عمل) :
Personal name الفطاني، أحمد بن محمد زين بن مصطفى.
Title of a work تسريح الغوامل في شرح العوامل على متن العوامل النحوية لفريد عصره الشيخ عبد القاهر الجرجاني.
942 ## - ADDED ENTRY ELEMENTS (KOHA)
Source of classification or shelving scheme Dewey Decimal Classification
Koha item type Books
Suppress in OPAC No
949 ## - LOCAL PROCESSING INFORMATION (OCLC)
a SA-JeALM
d 250112
u mohamedma123
n 1
Holdings
Withdrawn status Lost status Source of classification or shelving scheme Damaged status Not for loan Home library Current library Date acquired Total checkouts Full call number Barcode Date last seen Price effective from Koha item type
    Dewey Decimal Classification     DR AbdElwahab Library DR AbdElwahab Library 01/13/2025   415.1 ف ط ا 000007525 01/13/2025 01/13/2025 Books